| 000 | 00510nam a2200217Ia 4500 | ||
|---|---|---|---|
| 999 |
_c37591 _d37591 |
||
| 001 | 3563 | ||
| 003 | GE_BSU | ||
| 005 | 20190624143600.0 | ||
| 008 | 181216s2008||||enk|||||||||||||| ||eng|| | ||
| 020 | _a100495099716 | ||
| 040 | _cGE_BSU | ||
| 041 | _aeng | ||
| 080 | _a159.9 C-21 | ||
| 100 |
_aCarroll, W. David _92807 |
||
| 245 | _aPsychology of Language | ||
| 260 | _aThomson Wadsworth | ||
| 260 | _c2008 | ||
| 300 |
_a496 p. ; _b23 cm. |
||
| 653 | _aფსიქოლოგია | ||
| 942 |
_cBK _2udc |
||